| 000 | 00541nam a2200169Ia 4500 | ||
|---|---|---|---|
| 008 | 241217s9999||||xx |||||||||||||| ||und|| | ||
| 020 |
_a9783319077307 _c362.27 |
||
| 040 |
_beng _cSSK Library _erda |
||
| 082 | _a658.4038011/HUM | ||
| 245 | 0 | _aHuman Interface And The Management Of Information: Information And Knowledge; ... | |
| 250 | _a16th ed | ||
| 260 |
_b Springer International Publishing _c©2014 |
||
| 700 | _a Sakae Yamamoto, & Et Al. - | ||
| 942 |
_2Dewey Decimal Classification _cBOOK _nNo |
||
| 999 |
_c24102 _d24102 |
||
| 003 | OSt | ||
| 005 | 20241217112919.0 | ||